[Event "GER-ch Net blitz qual3"]
[Site "Playchess.com INT"]
[Date "2020.03.21"]
[Round "2"]
[White "Namyslo, Holger"]
[Black "Oepen, Christian"]
[Result "1-0"]
[WhiteElo "2290"]
[BlackElo "1620"]
[PlyCount "45"]
[EventDate "2020.03.21"]
[EventType "swiss (blitz)"]
[EventRounds "9"]
[EventCountry "GER"]
[SourceTitle "CBM 195 Extra"]
[Source "ChessBase"]
[SourceDate "2020.05.31"]
[SourceVersion "1"]
[SourceVersionDate "2020.05.31"]
[SourceQuality "1"]

1. e4 e5 2. Nf3 Nc6 3. Bc4 Bc5 4. c3 d6 5. b4 Bb6 6. d3 Nf6 7. Qe2 0-0 8. Nbd2 Be6 9. Bb3 a6 10. Nf1 Ne7 11. Ng3 c5 12. bxc5 Bxc5 13. Bg5 h6 14. Bxf6 gxf6 15. Nh4 Ng6 16. Nxg6 fxg6 17. Bxe6+ Kg7 18. 0-0 Qe7 19. Bd5 Rac8 20. Rab1 b5 21. Qg4 g5 22. Nf5+ Kg6 23. Nxe7+ 1-0

[Event "GER-ch Net blitz qual3"]
[Site "Playchess.com INT"]
[Date "2020.03.21"]
[Round "9"]
[White "Oepen, Christian"]
[Black "Heinrich, Sebastian"]
[Result "0-1"]
[WhiteElo "1620"]
[BlackElo "1686"]
[PlyCount "58"]
[EventDate "2020.03.21"]
[EventType "swiss (blitz)"]
[EventRounds "9"]
[EventCountry "GER"]
[SourceTitle "CBM 195 Extra"]
[Source "ChessBase"]
[SourceDate "2020.05.31"]
[SourceVersion "1"]
[SourceVersionDate "2020.05.31"]
[SourceQuality "1"]

1. e4 c5 2. c4 Nc6 3. Nc3 g6 4. b3 Bg7 5. Bb2 Nf6 6. Nf3 Nxe4 7. Nxe4 Bxb2 8. Rb1 Bd4 9. Nxd4 Nxd4 10. d3 d6 11. Be2 f5 12. Nc3 Qa5 13. Qd2 0-0 14. Rb2 e5 15. 0-0 Nxe2+ 16. Nxe2 Qxd2 17. Rxd2 b6 18. Re1 Bb7 19. Nc3 a6 20. a4 Rae8 21. f3 Kg7 22. Nd5 Bxd5 23. cxd5 Kf6 24. Kf2 Rb8 25. Kg3 f4+ 26. Kg4 h5+ 27. Kh4 g5+ 28. Kxh5 Rh8+ 29. Kg4 Rh4# 0-1